00681nam a2200229Ia 4500003000400000005001700004008004100021020002200062040000700084041000800091082002300099100002800122245002300150260003100173300001200204365001300216650002700229906002600256942001200282999001900294952013800313OSt20230429104314.0210423s2013 xx 000 0 und d a978-1-4472-2181-4 cAL aeng a823.914 223bARCF aARCHER (JEFFREY)995054 aFirst among equals aLondonbPan Book Ltdc2013 a466bPB b399cINR aEnglish Fiction995055 aamong ; euals ; First 2ddccBK c170452d170452 001040708GENaSACPGbSACPGd2020-01-22eBiblios Book Pointg399.00l0o823.914 ARCFpPG016954r2022-08-24 00:00:00w2021-04-26yBK